| 000 | 00818nas a2200229 4500 | ||
|---|---|---|---|
| 001 | BR8501860 | ||
| 003 | BR-BrBNA | ||
| 005 | 20231205090151.0 | ||
| 007 | ta | ||
| 008 | 230509b bl.|||p| |||| 00| 00por d | ||
| 040 |
_aBR-BrBNA _bpor _cBiblioteca Nacional de Agricultura |
||
| 041 | _a(Pt) | ||
| 072 | _aH10 | ||
| 100 | 1 | _aMoura, J.I.L. | |
| 245 | 1 | _aIncidencia de Calyptocephala brevicornis (Boheman, 1850)(Coleoptera: erysomelidae, cassidinae)em cultura de dende (Elaeis guineensis)no municipio de Porto Platon, Territorio Federal do Amapa [Brasil] | |
| 650 | _aDENDE | ||
| 650 | _aCOLEOPTERO | ||
| 650 | _aBIOLOGIA | ||
| 773 | 0 |
_tAnais da Sociedade Entomologica do Brasil (Brazil) _xISSN 0301-8059 _g(1985), v. 14(1) p. 37-43 _wBR8501860 |
|
| 909 |
_a202311 _bLúcia _c55 _dLúcia Elande |
||
| 942 |
_2AGRIS _n0 _cANA |
||
| 999 |
_c116521 _d116521 |
||